00771nam a2200265 a 450000100060000000300080000600500170001400800410003102000150007202000340008702000280012103500190014904000350016804100080020308200220021110000210023324500750025425000110032926000320034030000300037250400400040250500280044265000140047070000210048469074BD-RjUL20211209081839.0170409s1991 nyu b 001 0 eng d a0471518506 a0471537322 (instructor'scopy) a047152266X (Studyguide) a(BD-RjUL)69285 aBD-RjULbengcBD-RjULdBD-RjUL aeng a910223bBLG 19911 aDe Blij, Harm J.10aGeography :b regions and concepts /cH.J. De Blij and Peter O. Muller a6th ed aChichester :bWiley,cc1991 a638 p. :bill. ; ;c29 cm aIncludes bibliographical references0 aMain work - Study guide 0aGeography1 aMuller, Peter O.